Central Library OPAC University of Rajshahi

কবি শ্রীমধুসূদন / (Record no. 56856)

MARC details
000 -LEADER
fixed length control field 00869nam a2200217 a 4500
001 - CONTROL NUMBER
control field 56856
003 - CONTROL NUMBER IDENTIFIER
rucl marc code BD-RjUL
005 - DATE AND TIME OF LATEST TRANSACTION
control field 20211209080437.0
008 - FIXED-LENGTH DATA ELEMENTS--GENERAL INFORMATION
fixed length control field 161204s1972 ii ||||| |||| 00| 0 ben d
035 ## - SYSTEM CONTROL NUMBER
System control number (BD-RjUL)56980
040 ## - CATALOGING SOURCE
Original cataloging agency BD-RjUL
Language of cataloging ben
Transcribing agency BD-RjUL
041 ## - LANGUAGE CODE
Language code of text/sound track or separate title ben
082 ## - DEWEY DECIMAL CLASSIFICATION NUMBER
Edition number 23
Classification number 891.4409
Author mark and year MAK 1972
100 ## - MAIN ENTRY--PERSONAL NAME
Personal name মজুমদার, মোহিতলাল
9 (RLIN) 169036
245 10 - TITLE STATEMENT
Title কবি শ্রীমধুসূদন /
Statement of responsibility, etc. মোহিতলাল মজুমদার
260 ## - PUBLICATION, DISTRIBUTION, ETC. (IMPRINT)
Place of publication, distribution, etc. কলিকাতা :
Name of publisher, distributor, etc. বিদ্যোদয় লাইব্রেরী,
Date of publication, distribution, etc. ১৯৭২
300 ## - PHYSICAL DESCRIPTION
Pagination ২৯৬ পৃ. ;
Size ২১ সেমি.
650 ## - SUBJECT ADDED ENTRY--TOPICAL TERM
Topical term or geographic name as entry element বাংলা সাহিত্য
9 (RLIN) 122429
General subdivision ইতিহাস ও সমালোচনা
Topical term or geographic name as entry element Bengali Literature
9 (RLIN) 166901
General subdivision History & Criticism
942 ## - ADDED ENTRY ELEMENTS (KOHA)
Source of classification or shelving scheme Dewey Decimal Classification
Koha item type Books
Holdings
Lost status Source of classification or shelving scheme Damaged status Not for loan Collection code Permanent Location Current Location Shelving location Date acquired Source of acquisition Cost, normal purchase price Total Checkouts Full call number Date last seen Copy number Koha item type Date checked out
  Dewey Decimal Classification   Not For Loan Non-fiction Central Library, University of Rajshahi Central Library, University of Rajshahi Reading Room 17/05/1973 Kolikata, India International 30.00   B 891.4409 MAK 1972 04/12/2016 C-1 Books  
  Dewey Decimal Classification     Non-fiction Central Library, University of Rajshahi Central Library, University of Rajshahi General Stacks 14/02/1956 Nourose kitabistan 7.00 3 B 891.4409 MAK 1972 05/03/2025 C-2 Books 26/02/2025
  Dewey Decimal Classification     Non-fiction Central Library, University of Rajshahi Central Library, University of Rajshahi General Stacks 26/08/2025       B 891.4409 MAK 1972 26/08/2025 C-3 Books